| 000 | 00801nam a2200265Ia 4500 | ||
|---|---|---|---|
| 003 | OSt | ||
| 005 | 20220918174518.0 | ||
| 006 | a|||||r|||| 00| 0 | ||
| 007 | ta | ||
| 008 | 220917b |||||||| |||| 00| 0 eng d | ||
| 024 | _a12,616 | ||
| 037 | _cTextual | ||
| 040 |
_aARTS _cARTS _beng |
||
| 041 |
_2eng _aeng |
||
| 082 | _aMZA:(2:97), N2 (2D) | ||
| 100 | _aRamaiah L S. ed | ||
| 245 | 0 | _aDocumentation and bibliographic control of the humanities in India | |
| 260 |
_aNew Delhi _bAditya Prakashan _c1992 |
||
| 300 |
_axv,349p. _ccm. |
||
| 500 | _aAppendix 323-38 (I-III); Includes index | ||
| 650 | _aINDUSTRIAL ARTS | ||
| 700 |
_a Kanakachary M. ed _950787 |
||
| 942 |
_hMZA:(2:97), N2 (2D) _cTEXL _2CC |
||
| 999 |
_c153484 _d153484 |
||